000 00655nam a22002417a 4500
001 BR8500529
003 BR-BrBNA
005 20230928092046.0
007 ta
008 230509b bl.||||| |||| 00| 0 por d
040 _aBR-BrBNA
_bpor
_cBiblioteca Nacional de Agricultura
041 _a(Por)
072 _aE10; E30
_b/G514
090 _ E10 BR8500529
100 1 _aNobrega, M.F. da
245 1 _aDesafios da politica agricola [Brasil]
260 3 _aSao Paulo, SP (Brasil):
_bGazeta Mercantil; CNPQ,
_c1985.
300 _a188 p.
650 _aPOLITICA AGRICOLA
650 _aCREDITO RURAL
909 _a202309
_bLucia
_c55
_dLucia Elande
942 _cBK
999 _c36942
_d36942